| 000 | 00542nam a2200181 4500 | ||
|---|---|---|---|
| 001 | 148317 | ||
| 003 | ES-MaACL | ||
| 005 | 20230906202543.0 | ||
| 007 | t| | ||
| 008 | 070214s1911 xxk r ||||1| eng d | ||
| 100 | 1 |
_aStout, Robert. _9108344 |
|
| 245 | 1 | 0 |
_aNew Zealand / _cby Robert Stout and J. Logan Stout. |
| 260 |
_a[S. l.] : _bCambridge University Press, _c1911. |
||
| 300 |
_a184 p. : _bil. ; _c16 x 12 cm. |
||
| 651 | 4 |
_aNueva Zelanda- _xDescripción. _9155596 |
|
| 700 | 1 |
_aStout, John Logan. _9108342 |
|
| 852 |
_aES-MaACL _jD-3281 |
||
| 999 |
_c148317 _d148317 |
||